Loading...
Painting & Sculpture | 0 | 7 | 3 | 2 | 55 | 42 | 109.00 | 1 | 1 |
Fine Arts - Classical Music | 0 | 4 | 1 | 1 | 35 | 95 | 118.25 | 1 | 1 |
Science - Biology | 0 | 3 | 0 | 1 | 30 | 125 | 129.33 | 0 | 0 |
Science - Chemistry | 0 | 5 | 4 | 1 | 30 | 65 | 105.00 | 0 | 1 |
Science - Other Science | 0 | 3 | 1 | 0 | 25 | 103 | 121.00 | 0 | 0 |
Fine Arts - Other Fine Arts | 0 | 3 | 1 | 3 | 25 | 127 | 130.33 | 0 | 0 |
Philosophy | 0 | 3 | 1 | 0 | 25 | 105 | 115.67 | 1 | 1 |
Literature - British Literature | 0 | 2 | 0 | 0 | 20 | 97 | 110.50 | 0 | 0 |
Other Academic | 0 | 1 | 0 | 0 | 10 | 129 | 129.00 | 0 | 0 |
History - American History | 0 | 1 | 0 | 0 | 10 | 124 | 124.00 | 0 | 0 |
Literature - American Literature | 0 | 1 | 0 | 0 | 10 | 122 | 122.00 | 0 | 0 |
Science - Physics | 0 | 2 | 2 | 0 | 10 | 101 | 103.00 | 0 | 0 |
Social Science | 0 | 0 | 0 | 0 | 0 | 0.00 | 0 | 0 | |
Literature - World Literature | 0 | 0 | 2 | 0 | -10 | 0.00 | 0 | 0 | |
Any History | 0 | 0 | 2 | 0 | -10 | 0.00 | 0 | 0 |